000 00805cab a2200229 4500
001 WB3501-64
008 090401t1999 xxu||||| |||| 00| 0 eng d
035 _a(Sirsi) u90516
041 _aeng
245 _aLand values weaken
260 _c1999
350 _a0
490 _aFarmers Guardian
_v1 January 1999, 2(1)
520 _aResearch by FPD Savills shows that farmland values, especially those for lower grades of land, weakened in most parts of the country in 1998. The Farmland Value Survey shows the average price of vacant possession farmland in England falling by 11.9% from the mid-1997 peak.
650 _aFARMLAND PRICES
650 _aFARMLAND VALUE SURVEY
650 _aFARMLAND VALUES
650 _aFPDSAVILLS
690 _aRURAL PRACTICE
942 _n0
948 _c05/01/1999
999 _c57396
_d57396